Personaggi di fantasia - U & V - Statistics

Statistiche generali
  • Questo quiz è stato fatto 1.774 volte
  • Il punteggio medio è 8 su 16
Statistiche sulle risposte
con Immagini Risposta % Corretto
Voldemort
93%
Venom
87%
Ursula
81%
Vegeta
78%
Ulisse
75%
Velma
75%
Ugo Fantozzi
71%
Vanitoso
67%
Vaiana
49%
Victor Frankenstein
30%
Valentina
22%
Uan
21%
Veronica Mars
19%
Vito Catozzo
12%
Vega
10%
Ursus
9%
Nessun quiz corrispondente trovato
Distribuzione punteggi
Percentuale di utenti per punteggio
Percentile per numero di risposta
I tuoi punteggi nel tempo
Non hai fatto questo quiz